Pokémon aléatoire par Numéro du Pokédex National - Statistiques

Statistiques générales
  • Ce quiz a été pris 1 141 fois
  • Le résultat moyen est 5 sur 10
Statistiques - réponses
Pokémon % Correct
023 Abo
100%
359 Absol
100%
160 Aligatueur
100%
698 Amagara
100%
139 Amonistar
100%
138 Amonita
100%
602 Anchwatt
100%
416 Apireine
100%
134 Aquali
100%
751 Araqua
100%
059 Arcanin
100%
252 Arcko
100%
817 Arrozard
100%
144 Artikodin
100%
013 Aspicot
100%
343 Balbuto
100%
349 Barpau
100%
750 Bourrinos
100%
257 Braségali
100%
083 Canarticho
100%
008 Carabaffe
100%
007 Carapuce
100%
444 Carmache
100%
400 Castorno
100%
251 Celebi
100%
432 Chaffreux
100%
878 Charibari
100%
409 Charkos
100%
532 Charpenti
100%
324 Chartor
100%
010 Chenipan
100%
673 Chevroum
100%
548 Chlorobule
100%
600 Clic
100%
014 Coconfort
100%
825 Coléodôme
100%
771 Concombaffe
100%
430 Corboss
100%
676 Couafarel
100%
580 Couaneton
100%
165 Coxy
100%
482 Créfadet
100%
481 Créfollet
100%
159 Crocrodil
100%
015 Dardargnan
100%
555 Darumacho
100%
554 Darumarond
100%
719 Diancie
100%
680 Dimoclès
100%
461 Dimoret
100%
775 Dodoala
100%
546 Doudouvet
100%
006 Dracaufeu
100%
148 Draco
100%
149 Dracolosse
100%
699 Dragmara
100%
844 Dunaconda
100%
145 Électhor
100%
101 Électrode
100%
846 Embrochet
100%
244 Entei
100%
398 Étouraptor
100%
632 Fermite
100%
056 Férosinge
100%
511 Feuillajou
100%
669 Flabébé
100%
514 Flamoutan
100%
670 Floette
100%
671 Florges
100%
003 Florizarre
100%
162 Fouinar
100%
304 Galekid
100%
078 Galopa
100%
693 Gamblast
100%
152 Germignon
100%
258 Gobou
100%
655 Goupelin
100%
827 Goupilou
100%
187 Granivol
100%
656 Grenousse
100%
443 Griknot
100%
326 Groret
100%
383 Groudon
100%
002 Herbizarre
100%
695 Iguolta
100%
141 Kabutops
100%
158 Kaiminus
100%
115 Kangourex
100%
352 Kecleon
100%
399 Keunotor
100%
833 Khélocrok
100%
756 Lampignon
100%
427 Laporeille
100%
510 Léopardus
100%
664 Lépidonille
100%
496 Lianaja
100%
345 Lilia
100%
218 Limagma
100%
264 Linéon
100%
370 Lovdisc
100%
249 Lugia
100%
126 Magmar
100%
082 Magnéton
100%
497 Majaspic
100%
296 Makuhita
100%
758 Malamandre
100%
490 Manaphy
100%
734 Manglouton
100%
502 Mateloutre
100%
726 Matoufeu
100%
261 Medhyèna
100%
307 Méditikka
100%
578 Méios
100%
036 Mélodelfe
100%
648 Meloetta
100%
035 Mélofée
100%
376 Métalosse
100%
132 Métamorph
100%
375 Métang
100%
774 Météno
100%
151 Mew
100%
150 Mewtwo
100%
052 Miaouss
100%
167 Mimigal
100%
147 Minidraco
100%
505 Miradar
100%
501 Moustillon
100%
034 Nidoking
100%
029 Nidoran♀
100%
032 Nidoran♂
100%
845 Nigosier
100%
276 Nirondelle
100%
197 Noctali
100%
524 Nodulithe
100%
102 Nœunœuf
100%
042 Nosferalto
100%
604 Ohmassacre
100%
362 Oniglali
100%
044 Ortide
100%
105 Ossatueur
100%
810 Ouistempo
100%
484 Palkia
100%
287 Parécool
100%
489 Phione
100%
021 Piafabec
100%
025 Pikachu
100%
118 Poissirène
100%
507 Ponchien
100%
233 Porygon2
100%
255 Poussifeu
100%
394 Prinplouf
100%
054 Psykokwak
100%
637 Pyrax
100%
136 Pyroli
100%
074 Racaillou
100%
026 Raichu
100%
243 Raikou
100%
019 Rattata
100%
020 Rattatac
100%
379 Registeel
100%
005 Reptincel
100%
744 Rocabot
100%
500 Roitiflam
100%
143 Ronflex
100%
407 Roserade
100%
018 Roucarnage
100%
016 Roucool
100%
017 Roucoups
100%
406 Rozbouton
100%
027 Sabelette
100%
028 Sablaireau
100%
004 Salamèche
100%
114 Saquedeneu
100%
127 Scarabrute
100%
851 Scolocendre
100%
687 Sepiatroce
100%
781 Sinistrail
100%
355 Skelénox
100%
110 Smogogo
100%
096 Soporifik
100%
897 Spectreval
100%
595 Statitik
100%
208 Steelix
100%
146 Sulfura
100%
476 Tarinorme
100%
186 Tarpaud
100%
050 Taupiqueur
100%
128 Tauros
100%
302 Ténéfix
100%
072 Tentacool
100%
073 Tentacruel
100%
356 Téraclope
100%
175 Togepi
100%
787 Tokotoro
100%
009 Tortank
100%
387 Tortipouss
100%
051 Triopikeur
100%
757 Tritox
100%
590 Trompignon
100%
357 Tropius
100%
107 Tygnon
100%
157 Typhlosion
100%
346 Vacilys
100%
840 Verpom
100%
640 Viridium
100%
135 Voltali
100%
100 Voltorbe
100%
747 Vorastérie
100%
321 Wailord
100%
871 Wattapik
100%
193 Yanma
100%
247 Ymphect
100%
201 Zarbi
100%
644 Zekrom
100%
701 Brutalibré
67%
225 Cadoizo
67%
498 Gruikui
67%
764 Guérilande
67%
435 Moufflair
67%
274 Pifeuil
67%
137 Porygon
67%
643 Reshiram
67%
828 Roublenard
67%
686 Sepiatop
67%
333 Tylton
67%
266 Armulys
50%
830 Blancoton
50%
391 Chimpenfeu
50%
453 Cradopaud
50%
884 Duralugon
50%
723 Efflèche
50%
549 Fragilady
50%
694 Galvaran
50%
282 Gardevoir
50%
471 Givrali
50%
273 Grainipiot
50%
850 Grillepattes
50%
485 Heatran
50%
385 Jirachi
50%
182 Joliflor
50%
099 Krabboss
50%
853 Krakos
50%
330 Libégon
50%
467 Maganon
50%
173 Mélo
50%
439 Mime Jr.
50%
289 Monaflèmit
50%
479 Motisma
50%
606 Neitram
50%
291 Ninjask
50%
095 Onix
50%
364 Phogleur
50%
077 Ponyta
50%
079 Ramoloss
50%
384 Rayquaza
50%
528 Rhinolove
50%
529 Rototaupe
50%
654 Roussil
50%
584 Sorbouboul
50%
583 Sorboul
50%
093 Spectrum
50%
703 Strassie
50%
579 Symbios
50%
393 Tiplouf
50%
176 Togetic
50%
785 Tokorico
50%
630 Vaututrice
50%
735 Argouste
33%
459 Blizzi
33%
452 Drascore
33%
163 Hoothoot
33%
090 Kokiyas
33%
839 Monthracite
33%
732 Piclairon
33%
889 Zamazenta
33%
515 Flotajou
25%
767 Sovkipou
25%
063 Abra
0%
049 Aéromite
0%
567 Aéroptéryx
0%
631 Aflamanoir
0%
227 Airmure
0%
055 Akwakwak
0%
065 Alakazam
0%
334 Altaria
0%
805 Ama-Ama
0%
658 Amphinobi
0%
861 Angoliath
0%
347 Anorith
0%
415 Apitrini
0%
283 Arakdo
0%
024 Arbok
0%
493 Arceus
0%
724 Archéduc
0%
437 Archéodong
0%
436 Archéomire
0%
566 Arkéapti
0%
348 Armaldo
0%
826 Astronelle
0%
317 Avaltout
0%
194 Axoloto
0%
184 Azumarill
0%
298 Azurill
0%
458 Babimanta
0%
769 Bacabouh
0%
811 Badabouin
0%
560 Baggaïd
0%
559 Baggiguane
0%
285 Balignon
0%
797 Bamboiselle
0%
711 Banshitrouye
0%
340 Barbicha
0%
550 Bargantua
0%
339 Barloche
0%
411 Bastiodon
0%
536 Batracné
0%
425 Baudrive
0%
733 Bazoucan
0%
782 Bébécaille
0%
875 Bekaglaçon
0%
279 Bekipan
0%
873 Beldeneige
0%
863 Berserkatt
0%
534 Bétochef
0%
856 Bibichut
0%
822 Bleuseille
0%
268 Blindalys
0%
652 Blindépique
0%
460 Blizzaroi
0%
896 Blizzeval
0%
651 Boguérisse
0%
742 Bombydou
0%
641 Boréas
0%
388 Boskara
0%
465 Bouldeneu
0%
776 Boumata
0%
070 Boustiflor
0%
662 Braisillon
0%
354 Branette
0%
722 Brindibou
0%
708 Brocélôme
0%
295 Brouhabam
0%
545 Brutapode
0%
715 Bruyverne
0%
001 Bulbizarre
0%
796 Câblifère
0%
672 Cabriolaine
0%
331 Cacnea
0%
332 Cacturne
0%
323 Camérupt
0%
795 Cancrelove
0%
762 Candine
0%
058 Caninos
0%
424 Capidextre
0%
190 Capumain
0%
588 Carabing
0%
564 Carapagos
0%
213 Caratroc
0%
445 Carchacrok
0%
318 Carvanha
0%
234 Cerfrousse
0%
420 Ceribou
0%
421 Ceriflor
0%
509 Chacripan
0%
431 Chaglam
0%
322 Chamallot
0%
286 Chapignon
0%
857 Chapotus
0%
837 Charbi
0%
267 Charmillon
0%
869 Charmilly
0%
308 Charmina
0%
760 Chelours
0%
265 Chenipotte
0%
413 Cheniselle
0%
412 Cheniti
0%
069 Chétiflor
0%
572 Chinchidou
0%
527 Chovsourir
0%
011 Chrysacier
0%
737 Chrysapile
0%
293 Chuchmur
0%
212 Cizayox
0%
503 Clamiral
0%
601 Cliticlic
0%
454 Coatox
0%
638 Cobaltium
0%
221 Cochignon
0%
683 Cocotine
0%
342 Colhomard
0%
705 Colimucus
0%
520 Colombeau
0%
057 Colossinge
0%
366 Coquiperl
0%
864 Corayôme
0%
222 Corayon
0%
198 Cornèbre
0%
823 Corvaillus
0%
789 Cosmog
0%
790 Cosmovum
0%
189 Cotovol
0%
463 Coudlangue
0%
610 Coupenotte
0%
541 Couverdure
0%
166 Coxyclaque
0%
739 Crabagarre
0%
558 Crabaraque
0%
557 Crabicoque
0%
740 Crabominable
0%
537 Crapustule
0%
480 Créhelf
0%
868 Crèmy
0%
488 Cresselia
0%
401 Crikzik
0%
657 Croâporal
0%
553 Crocorible
0%
761 Croquine
0%
091 Crustabri
0%
561 Cryptéro
0%
685 Cupcanaille
0%
491 Darkrai
0%
236 Debugant
0%
702 Dedenne
0%
521 Déflaisan
0%
301 Delcatty
0%
226 Démanta
0%
645 Démétéros
0%
229 Démolosse
0%
779 Denticrisse
0%
386 Deoxys
0%
709 Desséliande
0%
483 Dialga
0%
634 Diamat
0%
410 Dinoclier
0%
886 Dispareptil
0%
085 Dodrio
0%
084 Doduo
0%
874 Dolman
0%
232 Donphan
0%
371 Draby
0%
372 Drackhaus
0%
780 Draïeul
0%
621 Drakkarmin
0%
842 Dratatin
0%
373 Drattak
0%
843 Dunaja
0%
309 Dynavolt
0%
783 Écaïd
0%
456 Écayon
0%
341 Écrapince
0%
241 Écrémeuh
0%
094 Ectoplasma
0%
784 Ékaïser
0%
310 Élecsprint
0%
466 Élekable
0%
239 Élekid
0%
125 Élektek
0%
246 Embrylex
0%
587 Emolga
0%
071 Empiflor
0%
799 Engloutyran
0%
358 Éoko
0%
616 Escargaume
0%
552 Escroco
0%
890 Éthernatos
0%
396 Étourmi
0%
397 Étourvol
0%
133 Évoli
0%
681 Exagide
0%
660 Excavarenne
0%
108 Excelangue
0%
092 Fantominus
0%
885 Fantyrm
0%
547 Farfaduvet
0%
215 Farfuret
0%
727 Félinferno
0%
200 Feuforêve
0%
512 Feuiloutan
0%
038 Feunard
0%
653 Feunnec
0%
156 Feurisson
0%
080 Flagadoss
0%
513 Flamajou
0%
813 Flambino
0%
663 Flambusard
0%
725 Flamiaou
0%
692 Flingouste
0%
259 Flobio
0%
754 Floramantis
0%
188 Floravol
0%
516 Flotoutan
0%
682 Fluvetin
0%
205 Foretress
0%
161 Fouinette
0%
860 Fourbelin
0%
626 Frison
0%
872 Frissonille
0%
746 Froussardine
0%
836 Fulgudog
0%
642 Fulguris
0%
607 Funécire
0%
627 Furaiglon
0%
305 Galegon
0%
306 Galeking
0%
256 Galifeu
0%
475 Gallame
0%
881 Galvagla
0%
880 Galvagon
0%
591 Gaulet
0%
649 Genesect
0%
525 Géolithe
0%
526 Gigalithe
0%
203 Girafarig
0%
487 Giratina
0%
316 Gloupti
0%
278 Goélise
0%
446 Goinfrex
0%
623 Golemastoc
0%
689 Golgopathe
0%
812 Gorythmic
0%
037 Goupix
0%
765 Gouroutan
0%
262 Grahyèna
0%
210 Granbull
0%
075 Gravalanch
0%
712 Grelaçon
0%
859 Grimalin
0%
597 Grindur
0%
622 Gringolem
0%
040 Grodoudou
0%
426 Grodrive
0%
076 Grolem
0%
089 Grotadmorv
0%
499 Grotichon
0%
628 Gueriaigle
0%
297 Hariyama
0%
847 Hastacuda
0%
586 Haydaim
0%
277 Hélédelle
0%
192 Héliatronc
0%
667 Hélionceau
0%
155 Héricendre
0%
870 Hexadron
0%
615 Hexagel
0%
450 Hippodocus
0%
449 Hippopotas
0%
250 Ho-Oh
0%
720 Hoopa
0%
883 Hydragla
0%
882 Hydragon
0%
097 Hypnomade
0%
117 Hypocéan
0%
230 Hyporoi
0%
116 Hypotrempe
0%
611 Incisache
0%
123 Insécateur
0%
206 Insolourdo
0%
862 Ixon
0%
538 Judokrak
0%
254 Jungko
0%
140 Kabuto
0%
064 Kadabra
0%
365 Kaimorse
0%
344 Kaorine
0%
237 Kapoera
0%
539 Karaclée
0%
798 Katagami
0%
647 Keldeo
0%
106 Kicklee
0%
281 Kirlia
0%
433 Korillon
0%
098 Krabby
0%
328 Kraknoix
0%
408 Kranidos
0%
691 Kravarech
0%
619 Kungfouine
0%
382 Kyogre
0%
646 Kyurem
0%
260 Laggron
0%
180 Lainergie
0%
581 Lakmécygne
0%
087 Lamantine
0%
603 Lampéroie
0%
589 Lançargot
0%
887 Lanssorien
0%
171 Lanturn
0%
814 Lapyro
0%
816 Larméléon
0%
824 Larvadar
0%
540 Larveyette
0%
736 Larvibule
0%
380 Latias
0%
381 Latios
0%
242 Leuphorie
0%
113 Leveinard
0%
130 Léviator
0%
605 Lewsor
0%
818 Lézargus
0%
617 Limaspeed
0%
618 Limonde
0%
238 Lippouti
0%
124 Lippoutou
0%
403 Lixy
0%
428 Lockpin
0%
131 Lokhlass
0%
271 Lombre
0%
745 Lougaroc
0%
170 Loupio
0%
738 Lucanon
0%
448 Lucario
0%
272 Ludicolo
0%
609 Lugulabre
0%
457 Luminéon
0%
314 Lumivole
0%
792 Lunala
0%
404 Luxio
0%
405 Luxray
0%
066 Machoc
0%
067 Machopeur
0%
068 Mackogneur
0%
153 Macronium
0%
240 Magby
0%
801 Magearna
0%
129 Magicarpe
0%
429 Magirêve
0%
081 Magnéti
0%
462 Magnézone
0%
228 Malosse
0%
594 Mamanbo
0%
473 Mammochon
0%
804 Mandrillon
0%
335 Mangriff
0%
542 Manternel
0%
438 Manzaï
0%
556 Maracachi
0%
195 Maraiste
0%
220 Marcacrin
0%
183 Marill
0%
650 Marisson
0%
802 Marshadow
0%
551 Mascaïman
0%
284 Maskadra
0%
253 Massko
0%
508 Mastouffe
0%
154 Méganium
0%
565 Mégapagos
0%
608 Mélancolux
0%
809 Melmetal
0%
402 Mélokrik
0%
808 Meltan
0%
196 Mentali
0%
575 Mesmérella
0%
866 M. Glaquette
0%
568 Miamiasme
0%
569 Miasmax
0%
168 Migalos
0%
350 Milobellus
0%
753 Mimantis
0%
778 Mimiqui
0%
048 Mimitoss
0%
821 Minisange
0%
530 Minotaupe
0%
678 Mistigrix
0%
122 M. Mime
0%
478 Momartik
0%
679 Monorpale
0%
877 Morpeko
0%
351 Morphéo
0%
434 Moufouette
0%
832 Moumouflon
0%
831 Moumouton
0%
794 Mouscoto
0%
593 Moyade
0%
313 Muciole
0%
704 Mucuscule
0%
292 Munja
0%
517 Munna
0%
706 Muplodocus
0%
518 Mushana
0%
418 Mustébouée
0%
419 Mustéflott
0%
596 Mygavolt
0%
303 Mysdibule
0%
043 Mystherbe
0%
531 Nanméouïe
0%
177 Natu
0%
800 Necrozma
0%
312 Négapi
0%
668 Némélios
0%
270 Nénupiot
0%
031 Nidoqueen
0%
030 Nidorina
0%
033 Nidorino
0%
290 Ningale
0%
598 Noacier
0%
103 Noadkoko
0%
164 Noarfang
0%
477 Noctunoir
0%
041 Nosferapti
0%
169 Nostenfer
0%
759 Nounourson
0%
577 Nucléos
0%
700 Nymphali
0%
363 Obalie
0%
224 Octillery
0%
360 Okéoké
0%
688 Opermine
0%
730 Oratoria
0%
104 Osselait
0%
728 Otaquin
0%
086 Otaria
0%
729 Otarlette
0%
390 Ouisticram
0%
533 Ouvrifier
0%
417 Pachirisu
0%
879 Pachyradjah
0%
865 Palarticho
0%
675 Pandarbare
0%
674 Pandespiègle
0%
414 Papilord
0%
012 Papilusion
0%
269 Papinox
0%
046 Paras
0%
047 Parasect
0%
573 Pashmilla
0%
661 Passerouge
0%
665 Pérégrain
0%
053 Persian
0%
231 Phanpy
0%
181 Pharamp
0%
470 Phyllali
0%
731 Picassaut
0%
172 Pichu
0%
806 Pierroteknik
0%
441 Pijako
0%
395 Pingoléon
0%
710 Pitrouille
0%
741 Plumeline
0%
519 Poichigeon
0%
119 Poissoroy
0%
614 Polagriffe
0%
613 Polarhume
0%
353 Polichombr
0%
855 Polthégeist
0%
204 Pomdepik
0%
841 Pomdrapi
0%
506 Ponchiot
0%
474 Porygon-Z
0%
311 Posipi
0%
852 Poulpaf
0%
748 Prédastérie
0%
666 Prismillon
0%
677 Psystigri
0%
142 Ptéra
0%
440 Ptiravi
0%
060 Ptitard
0%
696 Ptyranidur
0%
815 Pyrobut
0%
636 Pyronille
0%
766 Quartermac
0%
235 Queulorior
0%
202 Qulbutoké
0%
211 Qwilfish
0%
045 Rafflésia
0%
294 Ramboum
0%
022 Rapasdepic
0%
451 Rapion
0%
504 Ratentif
0%
378 Regice
0%
895 Regidrago
0%
894 Regieleki
0%
486 Regigigas
0%
377 Regirock
0%
369 Relicanth
0%
223 Rémoraid
0%
697 Rexillius
0%
464 Rhinastoc
0%
111 Rhinocorne
0%
112 Rhinoféros
0%
447 Riolu
0%
199 Roigada
0%
039 Rondoudou
0%
819 Rongourmand
0%
820 Rongrigou
0%
368 Rosabyss
0%
315 Rosélia
0%
743 Rubombelle
0%
849 Salarsen
0%
422 Sancoki
0%
659 Sapereau
0%
768 Sarmuraï
0%
624 Scalpion
0%
625 Scalproie
0%
214 Scarhino
0%
544 Scobolide
0%
207 Scorplane
0%
472 Scorvol
0%
574 Scrutella
0%
337 Séléroc
0%
713 Séracrawl
0%
367 Serpang
0%
336 Séviper
0%
620 Shaofouine
0%
319 Sharpedo
0%
492 Shaymin
0%
892 Shifours
0%
576 Sidérella
0%
773 Silvallié
0%
392 Simiabraz
0%
185 Simularbre
0%
300 Skitty
0%
109 Smogo
0%
209 Snubbull
0%
338 Solaroc
0%
791 Solgaleo
0%
633 Solochi
0%
714 Sonistrelle
0%
582 Sorbébé
0%
858 Sorcilence
0%
327 Spinda
0%
442 Spiritomb
0%
755 Spododo
0%
325 Spoink
0%
361 Stalgamin
0%
120 Stari
0%
121 Staross
0%
763 Sucreine
0%
684 Sucroquin
0%
245 Suicune
0%
898 Sylveroy
0%
088 Tadmorv
0%
752 Tarenbulle
0%
299 Tarinor
0%
280 Tarsal
0%
062 Tartard
0%
216 Teddiursa
0%
275 Tengalice
0%
374 Terhal
0%
639 Terrakium
0%
061 Têtarte
0%
854 Théffroi
0%
749 Tiboudet
0%
599 Tic
0%
777 Togedemaru
0%
468 Togekiss
0%
788 Tokopisco
0%
786 Tokopiyon
0%
834 Torgamord
0%
389 Torterra
0%
174 Toudoudou
0%
191 Tournegrin
0%
829 Tournicoton
0%
848 Toxizap
0%
612 Tranchodon
0%
770 Trépassable
0%
635 Trioxhydre
0%
535 Tritonde
0%
423 Tritosor
0%
707 Trousselin
0%
562 Tutafeh
0%
563 Tutankafer
0%
867 Tutétékri
0%
772 Type:0
0%
248 Tyranocif
0%
217 Ursaring
0%
803 Vémini
0%
690 Venalgue
0%
543 Venipatte
0%
329 Vibraninf
0%
494 Victini
0%
288 Vigoroth
0%
495 Vipélierre
0%
592 Viskuse
0%
585 Vivaldaim
0%
721 Volcanion
0%
219 Volcaropod
0%
835 Voltoutou
0%
455 Vortente
0%
629 Vostourno
0%
838 Wagomine
0%
320 Wailmer
0%
179 Wattouat
0%
876 Wimessir
0%
891 Wushours
0%
178 Xatu
0%
716 Xerneas
0%
469 Yanmega
0%
717 Yveltal
0%
888 Zacian
0%
893 Zarude
0%
522 Zébibron
0%
523 Zéblitz
0%
807 Zeraora
0%
793 Zéroïd
0%
263 Zigzaton
0%
571 Zoroark
0%
570 Zorua
0%
718 Zygarde
0%
Aucun quiz correspondant
Distribution des résultats
% des personnes avec chaque résultat
Percentile par nombre de réponses
Votre historique - résultats
Vous n’avez pas pris ce quiz